Topographisches Post-Lexikon aller Ortschaften der k.k. Erbländer. T. 4, welcher Ungern, samt den einverleibten Provinzen und Siebenbürgen in sich enthält. Bd. 1, A-C /

Hlavní autor: Crusius, Christian, 1758-1831
Jazyk: Němčina
Vydáno: Wien : [s.n.], 1804
Fyzický popis: 484 s.
Knihy
Uloženo v:
LEADER 00761nam a22002052a 4500
001 000786196
003 CZ BrMZK
005 20050819140653.0
007 ta
008 990305s1804 au f |||||||| ||ger d
040 |a BOA001  |b cze 
100 1 |a Crusius, Christian,  |d 1758-1831  |7 mzk2009534930  |4 com 
245 1 0 |a Topographisches Post-Lexikon aller Ortschaften der k.k. Erbländer.  |n T. 4, welcher Ungern, samt den einverleibten Provinzen und Siebenbürgen in sich enthält.  |n Bd. 1, A-C /  |c Christian Crusius 
260 |a Wien :  |b [s.n.],  |c 1804  |f (Mathias Andreas) 
300 |a 484 s. 
910 |a BOA001  |b 2-0001.760,4/1 
990 |a BK 
993 |a Y 
991 |b 200508 
996 6 |b 2619309410  |c 2-0001.760,4/1  |l MZK  |r Sklad / do 24 hodin  |n 0  |w 000786196  |u 000010  |a 1  |e BOA001  |j MZK50  |s P